000 00598nam a2200193 i 4500
001 bg
003 BPK
005 20200127090617.0
008 950606s1975 pl f |000 0 pol
040 _cBPK
041 _apol
080 _a669
100 1 _aOkoniewski, Stefan
_d(1914-2004)
_eAutor
245 0 _aTechnologia :
_bkierunek hutniczy : podstawowe studium zawodowe /
_cStefan Okoniewski.
260 _aWarszawa :
_bWSiP,
_c1975.
650 4 _aTechnologia
856 _uhttp://koha.tu.koszalin.pl/cgi-bin/koha/opac-detail.pl?biblionumber=27772
_yKatalog online BPK
942 _cKS
_2UKD
999 _c27772
_d27772